Statistics for Non-Countries Who Have Won Medals at the Olympics (Summer)

Click here to take the quiz!

General Stats

  • This quiz has been taken 39 times
  • The average score is 3 of 8

Answer Stats

Medals WonPlace% Correct
9Puerto Rico
62%
3Hong Kong
59%
1Bermuda
51%
1US Virgin Islands
46%
118United Team of Germany
27%
12Australasia
22%
1Netherlands Antilles
16%
2British West Indies
8%

Score Distribution

Percentile by Number Answered

Percent of People with Each Score

Your Score History

You have not taken this quiz